00753 a2200217 4500020002400000020002900024050001800053245013500071250002900206264004700235300003700282336002600319337002800345338002700373504004000400505000600440520000600446650002700452700002800479700002800507 a9780081029084 (set) a9780323850353 (volume 3) aQE5bENC 2021 aEncyclopedia of Geology /cedited by David Alderton, Scott A Elias; volume 3 edited by Spencer G. Lucas, Timothy Kusky and Lu Wang aSecond editionbVolume 3 aLondon :bAcademic Press / Elsevier,c2021 axvi, 1009 pages :billustrations 2rdacontentatextbtxt 2rdamediaaunmediatedbn 2rdacarrieravolumebnc aIncludes bibliographical references a. a. aGeologyxEncyclopedias aAlderton, Davideeditor aElias, Scott A.eeditor